| 000 | 01036nam a2200337Ia 4500 | ||
|---|---|---|---|
| 003 | OSt | ||
| 005 | 20220912151502.0 | ||
| 006 | a|||||r|||| 00| 0 | ||
| 007 | ta | ||
| 008 | 220909b |||||||| |||| 00| 0 eng d | ||
| 020 | _a3540221891 (pbk) | ||
| 024 | _a15623 | ||
| 037 | _b2005/CRB/0000428, 15/06/2005, Narosa Book Distributors Pvt. Ltd. | ||
| 037 | _cTextual | ||
| 040 |
_aCSL _beng _cCSL |
||
| 041 | _aeng | ||
| 082 | _aB280bX, P5 | ||
| 100 | _aCizek Pavel | ||
| 245 | 0 | _aStatistical tools for finance & insurance | |
| 260 |
_aBerlin _bSpringer-Verlag _c2005 |
||
| 300 | _a517p | ||
| 500 | _aIncludes bibliographical references; Index 507-517p | ||
| 650 | _a Finanace | ||
| 650 | _a Insurance | ||
| 650 | _a Statistical tools | ||
| 650 | _aMathematics | ||
| 700 | _a Hardle Wolfgang | ||
| 700 | _a Weron Rafal | ||
| 942 |
_hB280bX, P5 _cTEXL _2CC |
||
| 999 |
_c69641 _d69641 |
||